00659nam a2200169 a 450000100100000000500170001000800410002704000250006808200080009311000590010124000310016024500970019126000560028830000200034495201080036499900170047200003521720200930074201.0111026s1963 sp 000 0 spa d aDO-SdBNPbspacBNPHU axxx1 aIglesia CatolicabPapa (1958-1963 : Juan XXIII)96026910aPacem in terrislespañol13aCarta encíclica de nuestro Santísimo Señor Juan por la Divina Providencia, Papa XXIII. aMadrid, España :bApostolado de la prensa,c1963. a62 p. ;c18 cm. 001050718MOaGRbGRcCTd2011-10-26iLF1l0oxxx p35217-10r2020-06-25w2020-06-25y1ZNo se presta c34708d34708